[Event "Satka Autumn 2017"]
[Site "Satka"]
[Date "2017.09.16"]
[Round "5"]
[White "Nosacheva, Mariya"]
[Black "Kovanova, Baira"]
[Result "1-0"]
[WhiteElo "2077"]
[BlackElo "2368"]
[Annotator "ChessBase"]
[PlyCount "103"]
[EventDate "2017.??.??"]
[EventType "swiss"]
[EventCountry "RUS"]
[SourceTitle "playchess.com"]
[Source "ChessBase"]
[SourceQuality "1"]
[TimeControl "5400+30"]

1. e4 {[%emt 0:00:00]} e5 {[%emt 0:00:03]} 2. Nf3 {[%emt 0:00:00]} Nc6 {[%emt 0:00:04]} 3. Bb5 {[%emt 0:00:00]} a6 {[%emt 0:00:07]} 4. Ba4 {[%emt 0:00:02]} Nf6 {[%emt 0:00:04]} 5. O-O {[%emt 0:00:23]} Be7 {[%emt 0:00:03]} 6. Re1 {[%emt 0:00:10]} b5 {[%emt 0:00:05]} 7. Bb3 {[%emt 0:00:08]} d6 {[%emt 0:00:02]} 8. a4 {[%emt 0:00:26]} b4 {[%emt 0:02:39]} 9. a5 {[%emt 0:01:25]} O-O {[%emt 0:00:19]} 10. d3 {[%emt 0:00:09]} Rb8 {[%emt 0:02:26]} 11. Nbd2 {[%emt 0:02:55]} Be6 {[%emt 0:09:37]} 12. Nc4 {[%emt 0:01:46]} h6 {[%emt 0:01:23]} 13. c3 {[%emt 0:05:42]} Nd7 {[%emt 0:06:09]} 14. d4 {[%emt 0:08:55]} exd4 {[%emt 0:05:18]} 15. cxd4 {[%emt 0:00:55]} Bg4 {[%emt 0:05:58]} 16. Ba4 {[%emt 0:06:07]} Na7 {[%emt 0:00:33]} 17. Ne3 {[%emt 0:08:21]} Bh5 {[%emt 0:01:48]} 18. Nd5 {[%emt 0:01:15]} c6 {[%emt 0:03:09]} 19. Nxe7+ {[%emt 0:07:34]} Qxe7 {[%emt 0:02:05]} 20. Bf4 {[%emt 0:00:52]} Qf6 {[%emt 0:04:27]} 21. Bg3 {[%emt 0:03:45]} Nb5 {[%emt 0:00:46]} 22. e5 {[%emt 0:02:06]} Qd8 {[%emt 0:07:45]} 23. exd6 {[%emt 0:04:07]} Qxa5 {[%emt 0:13:23]} 24. Qd3 {[%emt 0:10:26]} Bg6 {[%emt 0:04:26]} 25. Qd2 {[%emt 0:00:40]} Bh5 {[%emt 0:11:00]} 26. Ne5 {[%emt 0:10:05]} Nxe5 {[%emt 0:04:36]} 27. dxe5 {[%emt 0:00:09]} c5 {[%emt 0:05:33]} 28. f4 {[%emt 0:00:54]} Nd4 {[%emt 0:02:55]} 29. Bf2 {[%emt 0:00:57]} Qb6 {[%emt 0:03:07]} 30. Bxd4 {[%emt 0:02:10]} cxd4 {[%emt 0:00:02]} 31. Qd3 {[%emt 0:04:04]} a5 {[%emt 0:02:50]} 32. Kh1 {[%emt 0:02:40]} Bg6 {[%emt 0:00:37]} 33. f5 {[%emt 0:00:32]} Bh7 {[%emt 0:00:10]} 34. Rac1 {[%emt 0:02:00]} Qd8 {[%emt 0:01:31]} 35. Rc7 {[%emt 0:03:25]} Qg5 {[%emt 0:01:47]} 36. Rf1 {[%emt 0:01:00]} b3 {[%emt 0:00:16]} 37. h3 {[%emt 0:01:46]} Rb4 {[%emt 0:00:32]} 38. Bd7 {[%emt 0:00:42]} a4 {[%emt 0:00:28]} 39. Ra7 {[%emt 0:01:01]} Qd8 {[%emt 0:01:13]} 40. Rxa4 {[%emt 0:01:13]} Rb6 {[%emt 0:00:13]} 41. Ra7 {[%emt 0:00:08]} Qh4 {[%emt 0:00:21]} 42. Rfa1 {[%emt 0:01:35]} Qf4 {[%emt 0:00:37]} 43. Ra8 {[%emt 0:01:17]} Rbb8 {[%emt 0:00:08]} 44. Rxb8 {[%emt 0:00:13]} Rxb8 {[%emt 0:00:02]} 45. Qxb3 {[%emt 0:00:08]} Rf8 {[%emt 0:00:14]} 46. Qd5 {[%emt 0:00:19]} d3 {[%emt 0:00:46]} 47. e6 {[%emt 0:01:24]} fxe6 {[%emt 0:00:53]} 48. Bxe6+ {[%emt 0:01:54]} Kh8 {[%emt 0:00:07]} 49. d7 {[%emt 0:00:02]} Qc7 {[%emt 0:01:33]} 50. Qxd3 {[%emt 0:00:12]} Qb6 {[%emt 0:00:28]} 51. b3 {[%emt 0:00:24]} Qc7 {[%emt 0:00:30]} 52. Qd2 {[%emt 0:00:32]} 1-0

[Event "Satka Autumn 2017"]
[Site "Satka"]
[Date "2017.09.16"]
[Round "5"]
[White "Pogorelskikh, Sofia"]
[Black "Maletina, Tatiana"]
[Result "0-1"]
[WhiteElo "2023"]
[BlackElo "2241"]
[Annotator "ChessBase"]
[PlyCount "126"]
[EventDate "2017.??.??"]
[EventType "swiss"]
[EventCountry "RUS"]
[SourceTitle "playchess.com"]
[Source "ChessBase"]
[SourceQuality "1"]
[TimeControl "5400+30"]

1. e4 {[%emt 0:02:20]} e6 {[%emt 0:00:07]} 2. d4 {[%emt 0:00:21]} d5 {[%emt 0:00:05]} 3. Nc3 {[%emt 0:00:06]} Bb4 {[%emt 0:00:05]} 4. e5 {[%emt 0:00:17]} c5 {[%emt 0:00:06]} 5. a3 {[%emt 0:00:10]} Bxc3+ {[%emt 0:00:14]} 6. bxc3 {[%emt 0:00:06]} Qa5 {[%emt 0:00:37]} 7. Bd2 {[%emt 0:00:18]} Qa4 {[%emt 0:00:05]} 8. Qb1 {[%emt 0:00:23]} c4 {[%emt 0:00:20]} 9. Nh3 {[%emt 0:00:57]} Nc6 {[%emt 0:03:58]} 10. Nf4 {[%emt 0:00:18]} Nge7 {[%emt 0:05:15]} 11. Nh5 {[%emt 0:00:18]} Rg8 {[%emt 0:00:05]} 12. g3 {[%emt 0:00:16]} Bd7 {[%emt 0:00:46]} 13. Bh3 {[%emt 0:01:44]} O-O-O {[%emt 0:00:06]} 14. O-O {[%emt 0:00:48]} h6 {[%emt 0:07:20]} 15. Qb2 {[%emt 0:03:45]} Kb8 {[%emt 0:05:50]} 16. Rae1 {[%emt 0:08:57]} Bc8 {[%emt 0:12:49]} 17. Re2 {[%emt 0:10:44]} g6 {[%emt 0:02:05]} 18. Nf6 {[%emt 0:03:49]} Rh8 {[%emt 0:00:04]} 19. Qc1 {[%emt 0:02:47]} Ng8 {[%emt 0:00:17]} 20. Nxg8 {[%emt 0:05:21]} Rdxg8 {[%emt 0:00:05]} 21. Bg2 {[%emt 0:01:25]} Qa5 {[%emt 0:01:52]} 22. Re3 {[%emt 0:08:49]} g5 {[%emt 0:08:07]} 23. g4 {[%emt 0:06:15]} Qd8 {[%emt 0:19:42]} 24. Rf3 {[%emt 0:07:53]} Rg7 {[%emt 0:02:43]} 25. Rf6 {[%emt 0:03:56]} Ne7 {[%emt 0:00:12]} 26. f4 {[%emt 0:01:30]} Ng8 {[%emt 0:10:22]} 27. fxg5 {[%emt 0:00:21]} Nxf6 {[%emt 0:00:03]} 28. gxf6 {[%emt 0:05:03]} Rxg4 {[%emt 0:01:50]} 29. Bxh6 {[%emt 0:00:40]} Qg8 {[%emt 0:00:07]} 30. Bg7 {[%emt 0:00:39]} Rhh4 {[%emt 0:00:34]} 31. Rf3 {[%emt 0:02:31]} Qh7 {[%emt 0:00:21]} 32. Rg3 {[%emt 0:01:32]} Rxg3 {[%emt 0:00:06]} 33. hxg3 {[%emt 0:00:06]} Rg4 {[%emt 0:00:02]} 34. Kf2 {[%emt 0:01:29]} Qg6 {[%emt 0:00:28]} 35. Bf3 {[%emt 0:02:20]} Rxg3 {[%emt 0:00:05]} 36. Qh6 {[%emt 0:01:09]} Rxf3+ {[%emt 0:09:10]} 37. Kxf3 {[%emt 0:00:08]} Qxc2 {[%emt 0:00:05]} 38. Qe3 {[%emt 0:00:50]} b6 {[%emt 0:00:25]} 39. Bh6 {[%emt 0:04:12]} Kb7 {[%emt 0:04:13]} 40. Qc1 {[%emt 0:01:09]} Qe4+ {[%emt 0:00:18]} 41. Kf2 {[%emt 0:00:24]} Bd7 {[%emt 0:01:13]} 42. Qe3 {[%emt 0:00:38]} Qh4+ {[%emt 0:00:17]} 43. Ke2 {[%emt 0:01:09]} Ba4 {[%emt 0:00:05]} 44. Bf8 {[%emt 0:01:23]} Bc2 {[%emt 0:00:59]} 45. Qf2 {[%emt 0:03:02]} Qg4+ {[%emt 0:00:25]} 46. Kd2 {[%emt 0:00:28]} Qd1+ {[%emt 0:00:26]} 47. Ke3 {[%emt 0:00:10]} Qd3+ {[%emt 0:00:05]} 48. Kf4 {[%emt 0:00:05]} Qxc3 {[%emt 0:00:18]} 49. Bb4 {[%emt 0:00:17]} Qd3 {[%emt 0:00:14]} 50. Qd2 {[%emt 0:00:54]} Qf1+ {[%emt 0:00:26]} 51. Ke3 {[%emt 0:00:25]} Be4 {[%emt 0:00:14]} 52. Qe2 {[%emt 0:01:01]} Qh3+ {[%emt 0:01:03]} 53. Kd2 {[%emt 0:00:27]} a5 {[%emt 0:00:19]} 54. Bc3 {[%emt 0:00:23]} Bd3 {[%emt 0:00:48]} 55. Qf2 {[%emt 0:00:58]} Bg6 {[%emt 0:00:41]} 56. Qe3 {[%emt 0:01:27]} Qf5 {[%emt 0:00:16]} 57. Ke2 {[%emt 0:01:14]} Ka6 {[%emt 0:00:25]} 58. Qd2 {[%emt 0:01:00]} Qg4+ {[%emt 0:01:39]} 59. Kf2 {[%emt 0:01:14]} Be4 {[%emt 0:00:07]} 60. Qb2 {[%emt 0:00:58]} Qf3+ {[%emt 0:01:26]} 61. Ke1 {[%emt 0:00:47]} Bd3 {[%emt 0:00:28]} 62. a4 {[%emt 0:02:10]} Ka7 {[%emt 0:01:27]} 63. Qd2 {[%emt 0:02:53]} Qf1# {[%emt 0:00:07] Kd1 Qe1+} 0-1

[Event "Satka Autumn 2017"]
[Site "Satka"]
[Date "2017.09.16"]
[Round "5"]
[White "Chan, Naruna"]
[Black "Protopopova, Anastasiya"]
[Result "0-1"]
[WhiteElo "1951"]
[BlackElo "2152"]
[Annotator "NA"]
[PlyCount "112"]
[EventDate "2017.??.??"]
[EventType "swiss"]
[EventCountry "RUS"]
[SourceTitle "playchess.com"]
[Source "ChessBase"]
[SourceQuality "1"]
[TimeControl "5400+30"]

{[%evp 8,84,31,27,30,26,25,12,16,0,16,1,12,-13,-18,-22,-16,-30,-8,-20,-7,32767,32767,32767,32767,32767,32767,32767,32767,-35,0,-106,-89,-140,-159,-165,-110,-122,-105,-119,-110,-104,-96,-99,-93,-174,-116,-112,-60,-70,-77,-126,-118,-116,-101,-107,-113,-118,-122,-159,-163,-163,32767,-152,-141,-145,-152,-165,-149,-161,-147,-158,-151,32767,32767,32767,32767,-135,-102]} 1. d4 {[%emt 0:00:00]} d5 {[%emt 0:00:11]} 2. c4 {[%emt 0:01:50]} c6 {[%emt 0:00:25]} 3. Nf3 {[%emt 0:00:43]} Nf6 {[%emt 0:00:20]} 4. Nc3 {[%emt 0:01:16]} a6 {[%emt 0:00:24]} 5. e3 {[%emt 0:03:23]} e6 {[%emt 0:00:31]} 6. Bd3 {[%emt 0:00:37]} dxc4 {[%emt 0:04:32] D45: Semi-Slav: 5 e3} 7. Bxc4 {[%emt 0:00:20]} b5 {[%emt 0:04:31]} (7... c5 8. O-O b5 9. Be2 Bb7 10. dxc5 Nc6 11. Nd2 Bxc5 12. Nde4 Nxe4 13. Nxe4 Be7 14. b3 Nb4 15. Bf3 O-O 16. Ba3 Rc8 17. Nf6+ Bxf6 18. Bxb7 Bxa1 19. Bxb4 {½-½ (33) Karjakin,S (2772)-Carlsen,M (2853) New York 2016}) 8. Bb3 {[%emt 0:03:36]} Bb7 {[%emt 0:02:15]} 9. O-O {[%emt 0:00:12] LiveBook: 3 Games} Be7 {[%emt 0:02:36]} 10. a3 {[%emt 0:03:01]} c5 {[%emt 0:01:24]} 11. dxc5 {[%emt 0:04:01]} Nbd7 {[%emt 0:05:53]} 12. Bc2 {[%emt 0:09:11]} (12. c6 $5 Bxc6 13. Bd2 $15) 12... Nxc5 {[%emt 0:03:14]} 13. b4 $146 {[%emt 0:04:38]} ({Find the theoretical novelty and annotate with similar games:} 13. Qxd8+ Rxd8 14. Rd1 Rxd1+ 15. Nxd1 O-O 16. b4 Nce4 {0-1 (67) Angelov,G (2128)-Metev,M (2018) Sofia 2016}) 13... Ncd7 {[%emt 0:01:31]} 14. Bb2 {[%emt 0:11:09]} O-O {[%emt 0:01:57]} 15. Qe2 {[%emt 0:07:37]} Rc8 {[%emt 0:03:34]} 16. Rfd1 {[%emt 0:02:08]} Qc7 {[%emt 0:01:20]} 17. Rac1 {[%emt 0:03:21]} Qb8 {[%emt 0:04:35]} 18. e4 {[%emt 0:10:32]} Rfd8 {[%emt 0:03:06]} 19. Nd4 {[%emt 0:03:47]} (19. Nb1 $11 {keeps the balance.}) 19... Ne5 {[%emt 0:02:43]} 20. Bb1 {[%emt 0:08:29] [#]} ({White should play} 20. Nb1 $15) 20... Nc4 $1 {[%emt 0:08:08]} ({Don't do} 20... Neg4 21. Nf3 $15) 21. Nf3 {[%emt 0:03:46]} Nxb2 {[%emt 0:02:10]} (21... Rxd1+ $19 22. Rxd1 Nxb2 23. Qxb2 Qc7) 22. Rxd8+ {[%emt 0:00:36]} Bxd8 {[%emt 0:01:23]} 23. Qxb2 {[%emt 0:00:06]} Qf4 {[%emt 0:02:12]} 24. Qd2 {[%emt 0:05:11]} Qxd2 {[%emt 0:05:44]} 25. Nxd2 {[%emt 0:00:05]} Bb6 {[%emt 0:00:08]} 26. Kf1 {[%emt 0:03:40]} (26. Nb3 $17 {keeps fighting.}) 26... Bd4 {[%emt 0:06:51]} (26... Ng4 $19 27. Ne2 Nxf2 28. Rxc8+ Bxc8) 27. Ne2 {[%emt 0:00:28]} Bb2 {[%emt 0:00:20]} 28. Rxc8+ {[%emt 0:01:08]} Bxc8 {[%emt 0:00:01]} 29. a4 {[%emt 0:04:14]} ({White should try} 29. Nf4 $15) 29... bxa4 {[%emt 0:03:05]} 30. Nc4 {[%emt 0:00:31] [#]} Ba1 $1 {[%emt 0:00:30]} 31. Nb6 {[%emt 0:01:55]} Bd7 {[%emt 0:00:52]} 32. Nxd7 {[%emt 0:00:58]} Nxd7 {[%emt 0:00:07]} 33. Bd3 {[%emt 0:01:47]} Ne5 {[%emt 0:01:38]} 34. Bc2 {[%emt 0:01:58]} a3 {[%emt 0:00:28]} 35. Nc1 {[%emt 0:00:20]} Bb2 {[%emt 0:07:03]} 36. Na2 {[%emt 0:00:17]} g5 {[%emt 0:03:08]} 37. Ke2 {[%emt 0:00:14]} Kf8 {[%emt 0:00:51]} 38. h3 {[%emt 0:00:41]} Ke7 $17 {[%emt 0:03:09]} 39. g3 {[%emt 0:00:22]} Kd7 {[%emt 0:00:56]} 40. f4 {[%emt 0:00:22]} gxf4 {[%emt 0:00:02]} 41. gxf4 {[%emt 0:00:02]} Nc6 {[%emt 0:00:12]} 42. Bd3 {[%emt 0:01:58]} Nd4+ {[%emt 0:00:51]} 43. Ke3 {[%emt 0:00:00]} Nb5 {[%emt 0:00:17]} 44. Kd2 {[%emt 0:00:42]} Kc6 {[%emt 0:00:33]} 45. h4 {[%emt 0:00:23]} h6 {[%emt 0:00:28]} 46. Be2 {[%emt 0:00:27]} f6 {[%emt 0:00:59]} 47. Bf1 {[%emt 0:00:37]} Kb6 {[%emt 0:00:33]} 48. Bc4 {[%emt 0:00:40]} e5 {[%emt 0:06:47]} 49. fxe5 {[%emt 0:00:15]} Bxe5 {[%emt 0:01:58]} 50. Kc2 {[%emt 0:00:42]} Nd4+ {[%emt 0:00:21]} 51. Kb1 {[%emt 0:00:21]} Nf3 {[%emt 0:00:07]} 52. Be2 {[%emt 0:00:27]} Nxh4 {[%emt 0:00:37]} 53. Nc1 {[%emt 0:00:19]} Ng2 {[%emt 0:01:04]} 54. Ka2 {[%emt 0:00:45]} Nf4 {[%emt 0:02:25]} 55. Bf3 {[%emt 0:00:06]} Bb2 {[%emt 0:00:20]} 56. Ne2 {[%emt 0:00:45]} Nd3 {[%emt 0:00:33]} 0-1

[Event "Satka Autumn 2017"]
[Site "Satka"]
[Date "2017.09.16"]
[Round "5"]
[White "Matsenko, Elena"]
[Black "Simakova, Elena"]
[Result "1-0"]
[WhiteElo "1927"]
[BlackElo "1951"]
[Annotator "NA RC"]
[PlyCount "81"]
[EventDate "2017.??.??"]
[EventType "swiss"]
[EventCountry "RUS"]
[SourceTitle "playchess.com"]
[Source "ChessBase"]
[SourceQuality "1"]
[TimeControl "5400+30"]

{[%evp 8,81,15,0,0,0,30,20,15,16,33,18,22,26,32,27,6,0,-3,-14,-8,-11,8,0,3,0,0,0,0,0,12,5,17,0,17,0,32767,32767,32767,32767,32767,16,11,32767,0,32767,32767,32767,32767,0,0,0,5,0,0,1,0,0,0,-38,-16,-25,0,0,0,0,0,0,0,0,0,0,0,0,29970,29982]} 1. Nf3 {[%emt 0:00:00]} Nf6 {[%emt 0:00:14]} 2. c4 {[%emt 0:00:00]} g6 {[%emt 0:00:23]} 3. b3 {[%emt 0:00:00]} Bg7 {[%emt 0:00:14]} 4. Bb2 {[%emt 0:00:02]} d6 {[%emt 0:00:37]} 5. e3 {[%emt 0:00:20]} O-O {[%emt 0:00:26]} 6. d4 {[%emt 0:00:17]} Nbd7 {[%emt 0:00:43]} (6... e5 $5) 7. Be2 {[%emt 0:00:24]} Re8 {[%emt 0:00:50]} 8. O-O {[%emt 0:00:17]} c6 {[%emt 0:06:38]} 9. Nc3 {[%emt 0:02:02]} Qc7 {[%emt 0:03:07] LiveBook: 3 Games} 10. Qc2 {[%emt 0:03:11]} e5 {[%emt 0:02:04]} 11. dxe5 {[%emt 0:00:16]} dxe5 {[%emt 0:00:07]} 12. Rfd1 {[%emt 0:00:35]} Nc5 {[%emt 0:05:54]} 13. b4 {[%emt 0:07:18] E61: King's Indian: Early deviations for White, including Smyslov System} Bf5 {[%emt 0:03:16]} 14. Qc1 {[%emt 0:00:04]} Nce4 {[%emt 0:01:56]} 15. Nxe4 {[%emt 0:00:23]} Nxe4 $146 {[%emt 0:00:44]} ({Predecessor:} 15... Bxe4) 16. Nd2 {[%emt 0:01:55]} Nxd2 {[%emt 0:07:58]} 17. Qxd2 {[%emt 0:01:12]} Rad8 {[%emt 0:06:25]} 18. Qc3 {[%emt 0:00:22]} Rxd1+ {[%emt 0:04:49]} 19. Rxd1 {[%emt 0:00:10]} Rd8 {[%emt 0:02:05]} 20. Rxd8+ {[%emt 0:00:38]} Qxd8 {[%emt 0:00:05]} 21. h3 {[%emt 0:00:34]} Qe7 {[%emt 0:05:32]} 22. a3 {[%emt 0:00:12]} h5 {[%emt 0:06:38]} 23. c5 {[%emt 0:01:41]} f6 {[%emt 0:04:58]} 24. Bc4+ {[%emt 0:02:40]} Be6 {[%emt 0:06:16]} 25. Qd3 {[%emt 0:00:38]} Bxc4 {[%emt 0:01:03]} 26. Qxc4+ {[%emt 0:00:04]} Kh7 {[%emt 0:01:46]} 27. a4 {[%emt 0:01:54]} a6 {[%emt 0:04:21]} 28. Kf1 {[%emt 0:01:00]} Qd7 {[%emt 0:02:33]} 29. Ke2 {[%emt 0:00:40]} Bh6 {[%emt 0:01:03]} 30. Qd3 {[%emt 0:01:16]} Qxd3+ {[%emt 0:03:47]} 31. Kxd3 {[%emt 0:00:06]} Kg7 {[%emt 0:00:11]} 32. Kc4 {[%emt 0:01:23]} Kf7 {[%emt 0:00:18]} 33. b5 {[%emt 0:01:11]} axb5+ $1 {[%emt 0:00:07]} 34. axb5 {[%emt 0:00:05]} Ke6 {[%emt 0:00:21]} 35. e4 {[%emt 0:01:06]} f5 {[%emt 0:04:25]} 36. f3 {[%emt 0:01:01]} Be3 {[%emt 0:01:05]} 37. Bc3 {[%emt 0:01:41]} fxe4 {[%emt 0:01:08]} 38. fxe4 {[%emt 0:00:07]} Bf2 {[%emt 0:00:13]} 39. Bd2 {[%emt 0:01:05]} Bd4 {[%emt 0:00:33]} 40. Bg5 {[%emt 0:00:21]} Be3 {[%emt 0:00:52]} (40... Kd7 $11) 41. Bxe3 1-0

[Event "Satka Autumn 2017"]
[Site "Satka"]
[Date "2017.09.16"]
[Round "5"]
[White "Mirgalina, Anna"]
[Black "Nasybullina, Alfia"]
[Result "0-1"]
[WhiteElo "1308"]
[BlackElo "2045"]
[Annotator "NA RC"]
[PlyCount "54"]
[EventDate "2017.??.??"]
[EventType "swiss"]
[EventCountry "RUS"]
[SourceTitle "playchess.com"]
[Source "ChessBase"]
[SourceQuality "1"]
[TimeControl "5400+30"]

{[%evp 8,49,-1,-15,32767,32767,32767,32767,-45,-47,-37,-85,-89,-135,-122,-115,-120,-299,-290,-385,-387,-545,-543,-581,-609,-972,-1028,-1440,-1522,-2079,-5611,-5795,-2332,-29988,-29990,-29989,-29992,-29992,-29993,-29995,-29996,-29996,-29997,-29997]} 1. c4 {[%emt 0:00:00]} e5 {[%emt 0:00:11]} 2. Nc3 {[%emt 0:00:00]} Nf6 {[%emt 0:00:10]} 3. Nf3 {[%emt 0:00:21]} Nc6 {[%emt 0:00:07]} 4. d4 {[%emt 0:00:51]} exd4 {[%emt 0:00:30] LiveBook: 530 Games} 5. Nxd4 {[%emt 0:00:10]} Bb4 {[%emt 0:00:19]} 6. Qd3 {[%emt 0:01:44] A28: English Opening: Four Knights Variation} (6. Bg5 h6 7. Bh4 Bxc3+ 8. bxc3 Ne5 9. e3 O-O 10. Be2 Ng6 11. Bg3 Ne4 12. Qc2 Re8 13. Bd3 Nxg3 14. hxg3 Ne5 15. Be2 d6 16. O-O b6 17. f4 {½-½ (48) Rakhmanov,A (2662)-Matlakov,M (2691) Sochi 2016}) 6... O-O {[%emt 0:03:18]} 7. Nxc6 {[%emt 0:02:42]} dxc6 {[%emt 0:00:11]} 8. Qxd8 {[%emt 0:02:26]} Rxd8 {[%emt 0:00:12]} 9. Bd2 $146 {[%emt 0:00:42]} ({Find the theoretical novelty and annotate with similar games:} 9. Bg5 Be6 10. e4 h6 11. Bxf6 gxf6 12. f4 Rd4 13. Kf2 f5 {0-1 (29) Fiser,O (1377)-O'Toole,R (1855) LSS email 2012}) 9... Be6 {[%emt 0:00:09]} 10. e3 {[%emt 0:00:34]} Ng4 {[%emt 0:04:18]} 11. a3 {[%emt 0:02:56]} Be7 {[%emt 0:02:04]} 12. Rc1 $2 {[%emt 0:05:47] [#]} (12. Ne4 $17 {was forced.}) 12... Nxf2 $1 {[%emt 0:00:24]} 13. Kxf2 {[%emt 0:01:26]} Rxd2+ {[%emt 0:00:06]} 14. Ke1 {[%emt 0:00:33]} Rxb2 {[%emt 0:00:17]} 15. Be2 {[%emt 0:01:20]} Bxa3 {[%emt 0:00:38]} 16. Rd1 {[%emt 0:00:40]} Bb4 {[%emt 0:00:35]} 17. Rd3 {[%emt 0:00:39]} Bxc4 {[%emt 0:00:39]} 18. Rd7 {[%emt 0:01:30]} Bxc3+ {[%emt 0:00:28]} 19. Kf2 {[%emt 0:00:34]} Bxe2 {[%emt 0:00:27]} 20. Rxc7 {[%emt 0:01:49]} Bh5+ {[%emt 0:00:29]} 21. Kg3 {[%emt 0:01:49]} Be5+ {[%emt 0:00:15]} 22. Kh3 {[%emt 0:00:42]} Bxc7 {[%emt 0:00:12]} 23. g3 {[%emt 0:01:29]} f5 {[%emt 0:00:23]} 24. Kh4 {[%emt 0:01:15]} Bg4 {[%emt 0:00:48]} 25. Kg5 {[%emt 0:00:52]} Kf7 {[%emt 0:00:04]} 26. h3 {[%emt 0:00:56]} h6+ {[%emt 0:00:05]} 27. Kh4 {[%emt 0:00:28]} g5# {[%emt 0:00:04]} 0-1

[Event "Satka Autumn 2017"]
[Site "Satka"]
[Date "2017.09.17"]
[Round "6"]
[White "Kovanova, Baira"]
[Black "Charochkina, Daria"]
[Result "1-0"]
[WhiteElo "2368"]
[BlackElo "2339"]
[Annotator "TA"]
[PlyCount "79"]
[EventDate "2017.??.??"]
[EventType "swiss"]
[EventCountry "RUS"]
[SourceTitle "playchess.com"]
[Source "ChessBase"]
[SourceQuality "1"]

1. e4 {Program Activation Required} d5 2. exd5 Qxd5 3. Nc3 Qd6 4. d4 Nf6 5. Nf3 g6 6. Be2 {B01: Skandinavische Verteidigung} (6. Nb5 Qd8 7. c4 Bg7 8. Bf4 Na6 9. Be2 O-O 10. O-O c6 11. Nc3 Bf5 12. Re1 Ne4 13. Qb3 {1-0 (37) Naiditsch,A (2710)-Rakhmanov,A (2663) Linares 2017}) 6... Bg7 7. O-O O-O 8. h3 Bf5 9. Be3 c6 10. Qd2 Nbd7 11. Bf4 $146 ({Vorgänger:} 11. a3 Nb6 12. Bf4 Qd8 {1-0 (95) Huber,A (2072)-Wegerer,F (2207) Graz 2010}) 11... Qb4 12. g4 Be6 13. Bc7 Qxb2 14. a3 Rac8 15. Ba5 c5 16. Na4 Ne4 17. Qd1 Qxa1 18. Qxa1 b6 19. Bc3 Nxc3 20. Qxc3 cxd4 21. Qd2 Rfd8 22. Ba6 Rc6 23. Ng5 Bc4 24. Bxc4 Rxc4 25. Qe2 Ne5 26. f4 d3 27. cxd3 Nxd3 28. Qxe7 Rf8 29. Rd1 Bd4+ 30. Kf1 Nxf4 31. Nxh7 Rfc8 32. Ng5 Rf8 33. Nh7 Rfc8 34. Ng5 Rf8 35. Qe4 Nxh3 36. Nxh3 Rd8 37. Nb2 Rc3 38. Rxd4 Rxd4 39. Qxd4 Rxh3 40. Nc4 1-0

[Event "Satka Autumn 2017"]
[Site "Satka"]
[Date "2017.09.17"]
[Round "6"]
[White "Mirzoeva, Elmira"]
[Black "Lomakina, Galja"]
[Result "1-0"]
[WhiteElo "2329"]
[BlackElo "1962"]
[Annotator "TA"]
[PlyCount "69"]
[EventDate "2017.??.??"]
[EventType "swiss"]
[EventCountry "RUS"]
[SourceTitle "playchess.com"]
[Source "ChessBase"]
[SourceQuality "1"]

{[%evp 15,69,56,64,62,113,102,148,129,167,156,154,128,158,147,177,170,194,178,194,175,175,177,236,231,218,214,276,271,258,210,268,282,291,277,307,303,308,308,461,466,629,601,579,535,650,685,745,736,739,711,1284,1271,1785,1125,29986,29987]} 1. d4 Nf6 2. c4 g6 3. Nc3 Bg7 4. e4 d6 5. Nf3 O-O 6. Be2 c6 7. O-O a6 8. Be3 b5 {LiveBook: 15 Games. E91: King's Indian: Classical: 6 Be2, unusual replies including 6...c5 and 6...Bg4} 9. Qc2 (9. a3 Nbd7 10. Qc2 bxc4 11. Bxc4 Ng4 12. Bg5 h6 13. Bh4 g5 14. Bg3 e5 15. h3 exd4 16. Nd1 {1-0 (37) Heberla,B (2542)-Gutman,L (2441) Dresden 2013}) 9... b4 $146 (9... Bb7 $14) ({Predecessor:} 9... Ng4 10. Bg5 f6 11. Bc1 e5 12. h3 Nh6 13. Be3 f5 14. Bg5 Qe8 15. dxe5 dxe5 16. Rad1 {1-0 (44) Tosic,M (2415)-Kler,B (2196) Novi Sad 2012}) 10. Na4 $16 Ng4 {White is better.} 11. Bg5 h6 12. Bd2 a5 13. c5 Ra7 14. a3 bxa3 15. Rxa3 Ba6 16. Bxa6 Rxa6 17. Nb6 dxc5 18. dxc5 a4 (18... Qc7 $142 19. Bxa5 Nd7) 19. h3 $18 ({Don't take} 19. Rxa4 $6 Rxa4 20. Nxa4 (20. Qxa4 Qc7 $16) 20... Qc7 $16) 19... Nf6 20. Bf4 Nbd7 21. Rd1 ({Weaker is} 21. Rxa4 Nxc5 22. Rxa6 (22. Qxc5 Qxb6 23. Qxb6 Rxb6 $11) 22... Nxa6 $16) (21. Nxa4 g5 $16) 21... Qe8 22. Nxa4 e5 23. Be3 Qe7 24. Nb6 Rxa3 25. bxa3 Re8 26. a4 {[%cal Ba3a4,Ba4a5,Ba5a6][%mdl 32]} Nf8 (26... Bf8 $142 27. Nxd7 Nxd7) 27. a5 Nh5 28. a6 Nf4 29. g3 Nxh3+ 30. Kg2 Ng5 31. Nxg5 hxg5 32. Qa4 Qf6 33. Rd6 Ne6 34. Qxc6 Re7 35. Nd5 {Precision: White = 69%, Black = 26%.} 1-0